| 000 | 01014cab a2200289 4500 | ||
|---|---|---|---|
| 001 | ABS54334 | ||
| 008 | 090401t1995 xxu||||| |||| 00| 0 eng d | ||
| 035 | _a(Sirsi) u9865 | ||
| 041 | _aeng | ||
| 100 | _aMcGough, T. | ||
| 245 | _aProperty cycles in the UK: an empirical investigation of the stylized facts | ||
| 260 | _c1995 | ||
| 350 | _a0 | ||
| 490 |
_aJournal of Property Finance _v6(4) 1995, 45-62(18) |
||
| 520 | _aInvestigates property cycles in the UK property market using business cycle modelling principles, reviews existing studies, discusses methodology for statistical analysis, presentation of results commenting on results found. | ||
| 650 | _aBUSINESS CYCLES | ||
| 650 | _aDYNAMIC GENERAL EQUILIBRIUM | ||
| 650 | _aECONOMETRIC MODELS | ||
| 650 | _aMODELLING | ||
| 650 | _aPROPERTY CYCLES | ||
| 650 | _aSIMULATION MODELS | ||
| 650 | _aSTATISTICAL ANALYSIS | ||
| 690 | _aPROPERTY-PROPERTY FINANCE AND INVESTMENT | ||
| 700 | _aTsolacos, S. | ||
| 942 | _n0 | ||
| 948 | _c04/03/1997 | ||
| 999 |
_c6207 _d6207 |
||